000 00742nam a2200241Ia 4500
003 GCL
008 140319s9999 xx 000 0 ara d
040 _aGCL /
_cGCL
082 0 4 _a328.3
_bم ن
100 1 _aوجيه ابوذكرى
245 1 0 _aادلة الادانة لنواب المخدرات /
_cوجيه ابوذكرى
260 _a[S.N] :
_bالعالمية للمعارف
300 _a160 ص
490 _a
650 0 4 _aمصر
650 0 4 _aالجريمة والمجرمون
650 0 4 _aمجلس الشعب
650 0 4 _aالهيئات التشريعية
650 0 4 _aتجار المخدرات
650 0 4 _aالامتيازات والحصانة
650 0 4 _aالاعضاء والانسجة
942 _2ddc
_cBK
999 _c29993
_d29993